[Event "FRA-chT1B 0809"]
[Site "France"]
[Date "2008.10.19"]
[Round "1.8"]
[White "Lubczanski, Nadine"]
[Black "Mousset Evtouchenko, Nina"]
[Result "0-1"]
[WhiteElo "1280"]
[BlackElo "1807"]
[PlyCount "72"]
[EventDate "2008.10.19"]
[EventType "team-tourn"]
[EventRounds "11"]
[EventCountry "FRA"]
[SourceTitle "EXT 2010"]
[Source "ChessBase"]
[SourceDate "2010.11.25"]
[SourceVersion "1"]
[SourceVersionDate "2010.11.25"]
[SourceQuality "1"]
[WhiteTeam "Vincennes"]
[BlackTeam "Club 608"]
[WhiteTeamCountry "FRA"]
[BlackTeamCountry "FRA"]

1. e4 c5 2. Nf3 d6 3. c3 Nc6 4. Bc4 Nf6 5. d3 e6 6. 0-0 Be7 7. Re1 0-0 8. Bg5 Na5 9. Na3 Nxc4 10. Nxc4 d5 11. e5 Ne8 12. Bxe7 Qxe7 13. Ne3 b6 14. Qc2 Bb7 15. d4 Nc7 16. Ng4 Rac8 17. Re3 Nb5 18. Rd1 cxd4 19. Nxd4 Nxd4 20. Rxd4 Rc4 21. Rh3 h6 22. Rxh6 f5 23. exf6 gxf6 24. Rg6+ Kh8 25. Qd3 Rf7 26. Nh6 Rg7 27. Qh3 Rxg6 28. Nf5+ Qh7 29. Rh4 Rxh4 30. Nxh4 Rh6 31. g3 Qb1+ 32. Kg2 d4+ 33. f3 Qxb2+ 34. Kg1 Qb1+ 35. Qf1 Qxf1+ 36. Kxf1 dxc3 0-1

[Event "FRA-chT2 0405"]
[Site "France"]
[Date "2005.01.09"]
[Round "6.9"]
[White "Tatard, Marie"]
[Black "Lubczanski, Nadine"]
[Result "1-0"]
[WhiteElo "1952"]
[BlackElo "1499"]
[PlyCount "89"]
[EventDate "2004.10.10"]
[EventType "team"]
[EventRounds "11"]
[EventCountry "FRA"]
[SourceTitle "EXT 2006"]
[Source "ChessBase"]
[SourceDate "2005.11.24"]
[SourceVersion "1"]
[SourceVersionDate "2005.11.24"]
[SourceQuality "1"]
[WhiteTeam "Rosny sous Bois"]
[BlackTeam "Vincennes"]
[WhiteTeamCountry "FRA"]
[BlackTeamCountry "FRA"]

1. e4 e5 2. Nf3 Nc6 3. Bc4 d6 4. c3 Nf6 5. d3 h6 6. 0-0 Bg4 7. Re1 Qd7 8. Nbd2 Be7 9. Nf1 Nh5 10. h3 Be6 11. Nxe5 Nxe5 12. Bxe6 Qxe6 13. Qxh5 Nxd3 14. Qb5+ c6 15. Qxd3 0-0-0 16. Be3 Kb8 17. Ng3 g6 18. b4 h5 19. Ne2 g5 20. Nd4 Qc8 21. Nf5 Qc7 22. Nxe7 Qxe7 23. Bd4 Rh6 24. Rad1 g4 25. Qe3 Rg6 26. Bxa7+ Ka8 27. Bb6 Re8 28. Qc1 Kb8 29. Qa3 Kc8 30. Qa8+ Kd7 31. Qxb7+ Ke6 32. Qxc6 gxh3 33. Qd5+ Kd7 34. Qb7+ Ke6 35. Qxe7+ Kxe7 36. g3 h4 37. Kh2 hxg3+ 38. fxg3 Reg8 39. Rd3 Ke6 40. a4 Rh8 41. a5 Kd7 42. e5 Re8 43. Bc5 Ree6 44. Rxd6+ Rxd6 45. Bxd6 1-0